[Event "MAD-ch"]
[Site "Antananarivo"]
[Date "2019.08.15"]
[Round "2"]
[White "Ralaiarisoa, Derarilaza Petera"]
[Black "Raveloson, Jose Alain"]
[Result "0-1"]
[WhiteElo "1744"]
[BlackElo "1811"]
[PlyCount "118"]
[EventDate "2019.08.15"]
[EventType "swiss"]
[EventRounds "9"]
[EventCountry "MAD"]
[SourceTitle "EXT 2020"]
[Source "ChessBase"]
[SourceDate "2019.10.17"]
[SourceVersion "1"]
[SourceVersionDate "2019.10.17"]
[SourceQuality "1"]

1. f4 d5 2. Nf3 Nf6 3. e3 e6 4. Be2 Bc5 5. a3 a6 6. b4 Ba7 7. Bb2 0-0 8. c4 dxc4 9. Bxc4 b5 10. Be2 Bb7 11. 0-0 Nbd7 12. d4 Rc8 13. Nc3 Nb6 14. Bd3 Nbd5 15. Qe1 Nxc3 16. Bxc3 h6 17. Rd1 Be4 18. Be2 Nd5 19. Bd2 Bb6 20. Rc1 Qd6 21. Ne5 Rcd8 22. Qg3 Nf6 23. Bc3 Qd5 24. Bf3 Qb3 25. Ng4 Nxg4 26. Bxe4 f5 27. Bd3 Qxa3 28. Qe1 Qb3 29. Rb1 Qd5 30. Ra1 Ra8 31. Kh1 Nf6 32. Ra3 Ra7 33. Qe2 Re8 34. Rfa1 Rea8 35. Bc2 Kh8 36. Be1 Ne4 37. Bb3 Qd6 38. Qa2 Re8 39. Rxa6 Rea8 40. Rxa7 Rxa7 41. Qb2 Rxa1 42. Qxa1 Nf6 43. Qa8+ Kh7 44. h3 g5 45. g3 Kg7 46. Kg2 Nd5 47. Bxd5 Qxd5+ 48. Qxd5 exd5 49. Kf3 c6 50. Bc3 Kg6 51. Be1 Bc7 52. g4 Bd6 53. Bd2 gxf4 54. exf4 Be7 55. Be1 Bf6 56. Bf2 Be7 57. Be1 Bd8 58. Kg3 Bf6 59. gxf5+ Kxf5 0-1

[Event "Antananarivo op"]
[Site "Antananarivo"]
[Date "2015.08.05"]
[Round "1"]
[White "L'Ami, Alina"]
[Black "Ralaiarisoa, Derarilaza Petera"]
[Result "1-0"]
[WhiteElo "2371"]
[BlackElo "1708"]
[PlyCount "89"]
[EventDate "2015.08.05"]
[EventType "swiss"]
[EventRounds "9"]
[EventCountry "MAD"]
[SourceTitle "EXT 2016"]
[Source "ChessBase"]
[SourceDate "2015.10.08"]
[SourceVersion "1"]
[SourceVersionDate "2015.10.08"]
[SourceQuality "1"]

1. d4 Nf6 2. c4 e6 3. Nc3 Bb4 4. Qc2 Nc6 5. Nf3 d5 6. e3 Bxc3+ 7. bxc3 0-0 8. Bd3 h6 9. 0-0 dxc4 10. Bxc4 a6 11. e4 b5 12. Bd3 Bb7 13. Be3 Qe7 14. e5 Nd5 15. Nd2 f5 16. exf6 Nxf6 17. Rae1 Qd6 18. Ne4 Qd5 19. f3 Rad8 20. Nc5 Bc8 21. Bf4 Rf7 22. Bg6 Re7 23. Ne4 Rf8 24. Bc1 b4 25. Rd1 Qc4 26. Nxf6+ Rxf6 27. cxb4 Qxc2 28. Bxc2 Nxb4 29. Ba3 a5 30. Rb1 Rd7 31. Bxb4 axb4 32. Rxb4 Kf7 33. Be4 Ke7 34. Rc1 Kf7 35. Rb8 Ba6 36. Rc6 Be2 37. Kf2 Bd1 38. Rc1 Ba4 39. Rb4 c5 40. Rxa4 cxd4 41. Ke2 e5 42. Rc6 d3+ 43. Kd2 Rdd6 44. Rxd6 Rxd6 45. Bxd3 1-0